Comparative Cause Mapping of Management Cognitions <A> Computer Database Method for Natural Data

Guardado en:
Detalles Bibliográficos
Autor principal: Laukkanen, Mauri
Formato: Libro
Lenguaje:inglés
Publicado: Helsinki The Helsinki School of Economics and Business Administration 1992
Edición:1. ed.
Materias:
Etiquetas: Agregar Etiqueta
Sin Etiquetas, Sea el primero en etiquetar este registro!

MARC

LEADER 00000nam a2200000 4500
001 c016038
005 20221206083003.1
020 |a 951-702-096-1 
041 0 |a eng 
044 |a FI 
245 1 0 |a Comparative Cause Mapping of Management Cognitions  |b <A> Computer Database Method for Natural Data  |c Mauri Laukkanen 
250 |a 1. ed. 
264 1 |a Helsinki  |b The Helsinki School of Economics and Business Administration  |c 1992 
300 |a 94 s. 
610 2 0 |a banky dát 
610 2 0 |a počítače 
610 2 0 |a využitie počítačov 
610 2 0 |a metodika 
100 1 |a Laukkanen, Mauri